The economic geography of the tourist industry : a supply-side analysis
Αποθηκεύτηκε σε:
| Άλλοι συγγραφείς: | , |
|---|---|
| Μορφή: | Βιβλίο |
| Γλώσσα: | English |
| Δημοσίευση: |
London :
Routledge,
1998.
|
| Θέματα: | |
| Ετικέτες: |
Προσθήκη ετικέτας
Δεν υπάρχουν, Καταχωρήστε ετικέτα πρώτοι!
|
MARC
| LEADER | 00000cam a2200000 i 4500 | ||
|---|---|---|---|
| 001 | 1/101474 | ||
| 008 | 991216s1998 eng d | ||
| 020 | |a 0-415-16412-5 (pbk.) | ||
| 035 | |l 10057697 | ||
| 040 | |a GR-MY-UA |b gre |e aacr | ||
| 041 | 0 | |a eng | |
| 082 | 0 | |a 338.4791 | |
| 245 | 1 | 4 | |a The economic geography of the tourist industry : |b a supply-side analysis / |c edited by Dimitri Ioannides and Keith G. Debbage. |
| 260 | |a London : |b Routledge, |c 1998. | ||
| 300 | |a xxii, 342 σ. | ||
| 504 | |a Περιλαμβάνει ευρετήριο. | ||
| 650 | 0 | 0 | |a Tourism. |
| 700 | 1 | |a Ιωαννίδης, Δημήτρης, |d 1961- |e edt | |
| 700 | 1 | |a Debbage, Keith G., |d 1959- |e edt | |
| 852 | |a INST |b CHIOS |e 20000210 |h 338.4791 ECO |p 005200019027 |q 005200019027 |t BK |y 0 | ||
| 852 | |a INST |b CHIOS |e 19991216 |h 338.4791 ECO |p 005200019235 |q 005200019235 |t BK |y 0 | ||
| 901 | |a BIBL2-1999-3 | ||
| 909 | |a Χ |b 056021 | ||
| 909 | |a Χ |b 072831 | ||
| 922 | |a 2ΕΛΗ |b 199911 |c ΤΝΕΥ |d Παπασωτηρίου | ||
| 922 | |a 2ΕΛΗ |b 199912 |c ΤΔΕ |d Παπασωτηρίου | ||
| 950 | |a 112-1999-11-11 | ||
| 950 | |a 125-1999-07-15 | ||
| 970 | |a Σπέντζα |b Ελένη |z 1999/12/17 | ||